000 00586nam a22001697a 4500
003 MACL
005 20160727160035.0
008 160727b xxu||||| |||| 00| 0 eng d
040 _cMACL
041 _aHindi
082 _a891.431 KOH
100 _aकोचर, उपध्‍यान चन्‍द्र
_955402
245 _aमैं और मेरी कविता
_cउपध्‍यान चन्‍द्र कोचर
260 _aबीकानेर
_bपुस्‍तक मंदिर
_c2014
650 _aकविता
_965541
942 _2ddc
_cHIN
999 _c55153
_d55153